|
|
|
|
| LEADER |
00756 a2200169 4500 |
| 008 |
150103s9999 000 0 eng |
| 082 |
|
|
|a 808.02
|
| 100 |
1 |
|
|a Achuthanunny,Chathanath
|
| 245 |
1 |
0 |
|a Sahithyagaveshanam prabhandarachanayute tatvangal/
|
| 260 |
|
|
|a Sukapuram:
|a Vallathol Vidyapeetham,
|c 1981.
|
| 300 |
|
|
|a 94 p.;
|
| 650 |
|
0 |
|a Research-Thesis writing
|
| 650 |
|
0 |
|a Dissertations, Academic Thesis
|
| 942 |
|
|
|c BK
|
| 999 |
|
|
|c 306680
|d 306680
|
| 952 |
|
|
|0 0
|1 0
|2 ddc
|4 0
|6 M_808_020000000000000_ACH_SA
|7 0
|9 351820
|a DRA
|b DRA
|c ST1
|d 2012-11-27
|i 1399
|l 0
|o M 808.02 ACH/SA
|p DRA1399
|r 2019-01-03
|w 2019-01-03
|y BK
|
| 952 |
|
|
|0 0
|1 0
|2 ddc
|4 0
|6 M_808_020000000000000_ACH_SA
|7 0
|9 351821
|a DRA
|b DRA
|c ST1
|d 2012-12-04
|i 1401
|l 0
|o M 808.02 ACH/SA
|p DRA1401
|r 2019-01-03
|v 10.00
|w 2019-01-03
|y BK
|